000 00624nam a22002177a 4500
003 dpl
005 20180911143706.0
008 180911b xxu||||| |||| 00| 0 eng d
010 _aB-65086
020 _a8177640895
_c0.00
035 _aB-65086
040 _aDPL
_bEN
_c0
082 _a620.112
_bSAR
100 _aSarkar, B.K
245 _aStrength of materials through problems /
_cby B.K Sarkar
260 _aNew Delhi
_bAllied publishers ltd
_c2001
270 _aA-104 Mayapuri Phase-2
_bNew Delhi
_e110064
300 _a595p.:
_c22cm
500 _aInclude Index
942 _2ddc
_cEN
_h620.112
_mSAR
999 _c157353
_d157353